Artist By Song - Retro 2000-24 Meme Songs 9 (4001-4500) - Statistics

General Stats
  • This quiz has been taken 45 times
  • The average score is 126 of 500
Answer Stats
Hint Answer % Correct
Anti-Hero | Cruel Summer | The Man | +2 others Taylor Swift
82%
Lay All Your Love On Me | SOS ABBA
79%
Bennie And The Jets | Island Girl | Saturday Night's Alright (For Fighting) Elton John
79%
Paint The Town Red | So High | Tia Tamera | Vegas Doja Cat
75%
(I Can't Get No) Satisfaction The Rolling Stones
75%
AMERICA HAS A PROBLEM | BREAK MY SOUL | CUFF IT | +2 others Beyonce
71%
Bloody Mary | Rain On Me Lady Gaga
71%
So Emotional Whitney Houston
71%
Hello, Dolly! | It Don't Mean a Thing (If It Ain't Got That Swing) | What A Wonderful World Louis Armstrong
68%
Always Be My Baby | Fantasy Mariah Carey
68%
Chicago | Dirty Diana Michael Jackson
68%
Despacito Luis Fonsi
64%
Daydream Believer | I'm a Believer | Last Train to Clarksville The Monkees
64%
Big Pimpin' | Hard Knock Life (Ghetto Anthem) | Izzo (H.O.V.A.) | +2 others JAY-Z
61%
E.T. | Waking Up In Vegas Katy Perry
61%
BURN IT DOWN Linkin Park
61%
I Disappear | Master of Puppets Metallica
61%
Let's Stay Together Al Green
57%
Ghost | Holy | Love Me Justin Bieber
57%
Kiss It Better | Sex With Me Rihanna
57%
Baby Got Back Sir Mix-A-Lot
57%
Amish Paradise | White & Nerdy "Weird Al" Yankovic
57%
I Say a Little Prayer Aretha Franklin
54%
Barbie World | Super Freaky Girl Nicki Minaj
54%
Jezebel Ra
54%
After Last Night Silk Sonic
54%
My Girl | Papa Was A Rolling Stone The Temptations
54%
My Generation The Who
54%
Dead And Gone T.I.
54%
Mr. Jones Counting Crows
50%
Lovin', Touchin', Squeezin' | Only the Young | Separate Ways (World Apart) Journey
50%
Over The Rainbow Judy Garland
50%
Beth | Detroit Rock City | Forever | +4 others KISS
50%
What's New Pussycat? Tom Jones
50%
Hot for Teacher | Unchained Van Halen
50%
Sunshine Of Your Love Cream
46%
Do You Really Want To Hurt Me Culture Club
46%
I Will Always Love You Dolly Parton
46%
Champagne Poetry | Circo Loco | Jimmy Cooks | +5 others Drake
46%
Dance The Night Dua Lipa
46%
Lollipop Lil Wayne
46%
N.Y. State of Mind Nas
46%
Let's Go Crazy | Nothing Compares 2 U Prince
46%
Du hast Rammstein
46%
Unstoppable Sia
46%
Kill Bill SZA
46%
Poison | School's Out Alice Cooper
43%
Man in the Box | Rooster Alice In Chains
43%
BILLIE EILISH. Armani White
43%
I'll Be Around CeeLo Green
43%
My Way Frank Sinatra
43%
24 | Everything I Am | Follow God | +4 others Kanye West
43%
Ringo Lorne Greene
43%
Hopelessly Devoted To You Olivia Newton-John
43%
Macho Man Village People
43%
Butter BTS
39%
Higher Creed
39%
Nuthin' But A "G" Thang Dr. Dre
39%
Bikini Bottom | Deli | In Ha Mood | +3 others Ice Spice
39%
Beautiful Mistakes Maroon 5
39%
Feeling Good | Sway Michael Buble
39%
I Think We're Alone Now Tiffany
39%
FE!N Travis Scott
39%
On the Road Again Willie Nelson
39%
Larger Than Life Backstreet Boys
36%
The Boy Is Mine Brandy & Monica
36%
Bad Girls | MacArthur Park | On The Radio Donna Summer
36%
Midnight Train to Georgia Gladys Knight & The Pips
36%
Sweetest Pie Megan Thee Stallion
36%
This Will Be (An Everlasting Love) Natalie Cole
36%
I Ain't Worried OneRepublic
36%
The Rumbling SiM
36%
Barbara Ann The Beach Boys
36%
The Kids Aren't Alright The Offspring
36%
Ring My Bell Anita Ward
32%
I Feel for You | I'm Every Woman | Through the Fire Chaka Khan
32%
Happier Ed Sheeran
32%
Superman Eminem
32%
Going Under Evanescence
32%
Pony Ginuwine
32%
Peaches Jack Black
32%
Breaking the Law | Living After Midnight | You've Got Another Thing Coming Judas Priest
32%
Kids In America Kim Wilde
32%
Shake Ya Tailfeather Nelly
32%
Bark at the Moon | I Don't Wanna Stop | No More Tears Ozzy Osbourne
32%
Monkey Gone to Heaven | Where Is My Mind? Pixies
32%
A Change Is Gonna Come Sam Cooke
32%
Aerials | Lonely Day | Shame | Toxicity System Of A Down
32%
Die For You The Weeknd
32%
One U2
32%
Cherry Pie Warrant
32%
Lacrimosa | Rondo Alla Turca Wolfgang Amadeus Mozart
32%
Wild World Yusuf (Cat) Stevens
32%
Changes 2Pac
29%
Foolish Ashanti
29%
(I've Had) The Time Of My Life Bill Medley
29%
Winter Wonderland Bing Crosby
29%
If You Were a Woman (And I Was a Man) | It's a Heartache Bonnie Tyler
29%
3 Britney Spears
29%
Instant Crush Daft Punk
29%
Boo'd Up Ella Mai
29%
You Make Loving Fun Fleetwood Mac
29%
All My Life Foo Fighters
29%
Too Shy Kajagoogoo
29%
CS | Do What I Want | Just Wanna Rock | +5 others Lil Uzi Vert
29%
Minnesota | Poland Lil Yachty
29%
Bubblegum Bitch MARINA
29%
Lose Control Missy Elliott
29%
The Way You Move Outkast
29%
Boy's a liar Pt. 2 | Break It Off PinkPantheress
29%
It Don't Come Easy Ringo Starr
29%
Red Solo Cup Toby Keith
29%
Try Again Aaliyah
25%
A Little Piece of Heaven | Bat Country | Hail to the King | Nightmare Avenged Sevenfold
25%
The Entertainer Billy Joel
25%
Make Your Own Kind Of Music Cass Elliot
25%
Breakfast At Tiffany's Deep Blue Something
25%
Change (In the House of Flies) | Cherry Waves | My Own Summer (Shove It) Deftones
25%
Skyscraper Demi Lovato
25%
Hermorrhage (In My Hands) Fuel
25%
Southern Nights Glen Campbell
25%
fukumean Gunna
25%
I Can't Go for That (No Can Do) Hall & Oates
25%
Flagpole Sitta Harvey Danger
25%
In-A-Gadda-Da-Vida Iron Butterfly
25%
Mind Games John Lennon
25%
I Can See Clearly Now Johnny Nash
25%
emo girl Machine Gun Kelly
25%
Please Don't Go Mike Posner
25%
When a Man Loves a Woman Percy Sledge
25%
Who Says Selena Gomez & The Scene
25%
Morning Train (Nine to Five) Sheena Easton
25%
What's New Scooby-Doo? Simple Plan
25%
Before I Forget | Custer | Duality | +3 others Slipknot
25%
Jaded Aerosmith
21%
All Out of Love Air Supply
21%
Venture Highway America
21%
Lovely Day Bill Withers
21%
Sherry Frankie Valli & The Four Seasons
21%
What Is Life George Harrison
21%
Mary On A Cross Ghost
21%
Been Caught Stealing Jane's Addiction
21%
You Don't Own Me Lesley Gore
21%
I Try Macy Gray
21%
Creepin' | Too Many Nights Metro Boomin
21%
SING My Chemical Romance
21%
She Keeps Me Up Nickelback
21%
Girlfriend *NSYNC
21%
All I Wanted Paramore
21%
I'll Stand By You Pretenders
21%
Tonight's the Night (Gonna Be Alright) Rod Stewart
21%
House Party Sam Hunt
21%
Pound Town | SkeeYee Sexyy Red
21%
Sour Girl Stone Temple Pilots
21%
Where Did Our Love Go The Supremes
21%
NEW MAGIC WAND | See You Again Tyler, The Creator
21%
Listen To What The Man Said Wings
21%
Glock In My Lap | Immortal 21 Savage
18%
Miss Murder AFI
18%
Like a Stone Audioslave
18%
Neverita Bad Bunny
18%
For What It's Worth Buffalo Springfield
18%
Arthur's Theme (Best That You Can Do) Christopher Cross
18%
Novacane Frank Ocean
18%
Bones Imagine Dragons
18%
Fame Irene Cara
18%
Gang Gang Gang Jack Harlow
18%
Don't Tell 'Em Jeremih
18%
Give It Up KC & The Sunshine Band
18%
Rock and Roll Led Zeppelin
18%
Holiday Road Lindsey Bucking
18%
Light It Up Major Lazer
18%
Real Love Mary J. Blige
18%
When You Sleep my bloody valentine
18%
This Town Niall Horan
18%
Head Like A Hole Nine Inch Nails
18%
Short People Randy Newman
18%
Disco Duck Rick Dees And His Cast Of Idiots
18%
The Game of Love Santana
18%
Afternoon Delight Starland Vocal Band
18%
Fox On The Run Sweet
18%
She's A Beauty The Tubes
18%
Them Changes Thundercat
18%
Fallen Down | Rude Buster Toby Fox
18%
C.R.E.A.M. (Cash Rules Everything Around Me) Wu-Tang Clan
18%
Der Kommisar After The Fire
14%
Shadow Dancing Andy Gibb
14%
(Hey Wont You Play) Another Somebody Done Somebody Wrong Song B.J. Thomas
14%
Hey! Baby Bruce Channel
14%
Kollage | The Loneliest Time Carly Rae Jepsen
14%
Hate Bein' Sober Chief Keef
14%
Me and Your Mama Childish Gambino
14%
Players Coi Leray
14%
Joey Concrete Blonde
14%
All In My Head (Flex) Fifth Harmony
14%
3 Nocturnes | Funeral March Frederic Chopin
14%
Codeine Crazy | HOLY GHOST Future
14%
Super Gremlin Kodak Black
14%
Be My Lover La Bouche
14%
Earth Lil Dicky
14%
Lonesome Loser Little River Band
14%
Stand Up Ludacris
14%
Chamber Of Reflection Mac DeMarco
14%
Shook Ones, Pt. II Mobb Deep
14%
Live Wire Motley Crue
14%
How Bizzare OMC
14%
Born to Be Alive Patrick Hernandez
14%
Chinese New Year SALES
14%
Look What God Is Doing Scott Wesley Brown
14%
Fly Sugar Ray
14%
I Think I Love You The Partridge Family
14%
Working My Way Back to You / Forgive Me Girl The Spinners
14%
Voices Carry 'Til Tuesday
14%
Give It To Me Timbaland
14%
Knock Three Times Tony Orlando & Dawn
14%
The Night the Lights Went out in Georgia Vicki Lawrence
14%
No Hands Waka Flocka Flame
14%
Bugatti Ace Hood
11%
Mary Alex G
11%
I Love The Nightlife Alicia Bridges
11%
1 Thing Amerie
11%
Bump, Bump, Bump B2K
11%
the perfect pair beabadoobee
11%
Silver Soul Beach House
11%
Daddy Cool Boney M.
11%
Doja Central Cee
11%
You Never Can Tell Chuck Berry
11%
Don't Know What You Got (Till It's Gone) Cinderella
11%
Easy Commodores
11%
Here With Me | Romantic Homicide d4vd
11%
Milli | SHAKE SUMN DaBaby
11%
Vindicated Dashboard Confessional
11%
What It Is Doechii
11%
Still Falling For You Ellie Goulding
11%
Gymnopedie Erik Satie
11%
The Way Fastball
11%
Cupid - Twin Version FIFTY FIFTY
11%
I'm So Sick Flyleaf
11%
Here Comes Santa Claus Gene Autry
11%
I Am Woman Helen Reddy
11%
Cbat Hudson Mohawke
11%
Secret Agent Man Johnny Rivers
11%
I've Got the Music in Me Kiki Dee
11%
Freestyle Lil Baby
11%
All My Life Lil Durk
11%
Hot Dog Limp Bizkit
11%
Scotty Doesn't Know Lustra
11%
Live Is Life Opus
11%
Scars Papa Roach
11%
King For A Day Pierce The Veil
11%
Ghetto Superstar (That is What You Are) Pras
11%
Tank! SEATBELTS
11%
Wham Bam Shang-A-Lang Silver
11%
There She Goes Sixpence None The Richer
11%
Chapel Of Love The Dixie Cups
11%
Christmas Wrapping The Waitresses
11%
New Soul Yael Naim
11%
The Girl From Ipanema Astrud Gilberto
7%
DotA Basshunter
7%
Sing, Sing, Sing Benny Goodman
7%
The Way It Is Bruce Hornsby
7%
Haunt Muskie C418
7%
Hero Chad Kroeger
7%
Mistadobaline Del The Funky Homosapien
7%
Again | Sweet Yamz Fetty Wap
7%
A New Kind Of Love - Demo Frou Frou
7%
Shinunoga E-Wa Fujii Kaze
7%
Love-Hate-Sex-Pain Godsmack
7%
If This Is It Huey Lewis & The News
7%
World Cup IShowSpeed
7%
Hood Gone Love It Jay Rock
7%
Cipher Kevin MacLeod
7%
Little White Church Little Big Town
7%
Overfly Luna Haruna
7%
I Got 5 On It Luniz
7%
Show Me How Men I Trust
7%
OMG NewJeans
7%
Whatcha Gonna Do? Pablo Cruise
7%
HOTEL LOBBY (Unc & Phew) Quavo
7%
Wooly Bully Sam The Sham & The Pharaohs
7%
Windmill Isle - Day SEGA SOUND TEAM
7%
Until I Found You Stephen Sanchez
7%
Static Steve Lacy
7%
Grazing In the Grass The Friends Of Distinction
7%
Nothing The Script
7%
Boogie Fever The Sylvers
7%
MOONLIGHT SUNRISE TWICE
7%
moment Vierre Cloud
7%
Fly-day Chinatown 泰葉 (Yasuha)
7%
たぶん (Probably) | アイドル (Idol) YOASOBI
7%
Not a Regular Person A Boogie With da Hoodie
4%
Green Hornet Al Hirt
4%
JoJo Pose Apollo Fresh
4%
Cure For Me AURORA
4%
FRANCE FREESTYLE | Miss Charlotte | The Hillbillies Baby Keem
4%
Covet Basement
4%
Johnny P's Caddy Benny The Butcher
4%
Basketball Bow Wow
4%
Oh Boy Cam'ron
4%
Walkin Denzel Curry
4%
Stick Dreamville
4%
IGNITE | INNOCENCE Eir Aoi
4%
Dame Tu Cosita El Chombo
4%
A Man Without Love Engelbert Humperdinck
4%
Limbo Freddie Dredd
4%
Umemoto Garoad
4%
courage | ユメセカイ (Dream World) | ユメセカイ (TV Size) (Dream World) Haruka Tomatsu
4%
Never Heart
4%
Connect the World hololive English
4%
可愛くてごめん (Sorry For Being So Cute) HoneyWorks
4%
GHOST | Stellar Stellar | Stellar Stellar - THE FIRST TAKE | 灼熱にて純情 (wii-wii-woo) (Burning Hot, Pure Heart) Hoshimachi Suisei
4%
Mamma Mia HUGEL
4%
BERSERKER | Bare your teeth | Gravity | +4 others IRyS
4%
Tomioka Jay Eazy
4%
Surround Sound JID
4%
Welcome Back John Sebastian
4%
The Best Song Jon Lajoie
4%
Moonlight Kali Uchis
4%
KICK BACK Kenshi Yonezu
4%
i'm thinking about horses mansionz
4%
Mars Maxo Kream
4%
Bfg Division Mick Gordon
4%
A New Start Nanashi Mumei
4%
Flight of the Bumblebee Nikolai Rimsky-Korsakov
4%
IT'S GETTING HOT NLE Choppa
4%
I LOVE YOU HOE Odetari
4%
Howling 大神ミオ (Ookami Mio)
4%
Million Voices Otto Knows
4%
They Reminisce Over You (T.R.O.Y.) Pete Rock & C.L. Smooth
4%
On That Time Playboi Carti
4%
burned | deported | sued prodby668
4%
Day 1 Red Velvet
4%
The Ballad Of The Green Berets Sgt. Barry Sadler
4%
Top Dog Shibamaru
4%
Verlisify Shofu
4%
All For You Sister Hazel
4%
Derry! Derry! Derry! The Guy Who Sings About Cities & Towns
4%
Hate My Life Theory of a Deadman
4%
The Rain The Sikc One
4%
Smile Uncle Kracker
4%
A Fifth Of Beethoven Walter Murphy
4%
EA Young Nudy
4%
Bad Apple!! ZUN
4%
綺羅キラー (Kira Killer) ZUTOMAYO
4%
The Town Inside Me AISHA
0%
Lake Shore Drive Aliotta Haynes Jeremiah
0%
KOMM, SUSSER TOD Arianne
0%
Tired CJ SO COOL
0%
NOSTYLIST Destroy Lonely
0%
Jealous Eyedress
0%
Blicky Fresh X Reckless
0%
The Elephant Never Forgets Jean-Jacques Perrey
0%
Playboy Jx.Zero
0%
Bundles Kayla Nicole
0%
paranoia KENTENSHI
0%
Rodeo Lah Pat
0%
Lay It Down Lloyd
0%
Where Were You (On Our Wedding Day) Lloyd Price
0%
BOW MFS
0%
Love Is Strange Mickey & Sylvia
0%
Homage Mild High Club
0%
Miss You Oliver Tree
0%
ムーンライト伝説 (Moonlight Densetsu) Shoko Nakagawa
0%
Let Me Hit It Sporty-O
0%
ecstasy SUICIDAL-IDOL
0%
My Sunny Day Ted Fresco
0%
Hosanna Ted Neeley
0%
I'm Not Worried Teens in Trouble
0%
Brass Bonanza The Zambonis
0%
I Think I Like When It Rains WILLIS
0%
Flawless | Talk Yeat
0%
Perc & Sex YN Jay
0%
Put It On Me YoungBoy Never Broke Again
0%
swordland Yuki Kajiura
0%
No matching quizzes found
Score Distribution
Percent of People with Each Score
Percentile by Number Answered
Your Score History
You have not taken this quiz